00641nam a22001097a 4500040000800000082002700008100002000035245033500055260002600390300002800416856008700444 cRUA aAVM KHO 2009 B090 Or.1 aKHORNG, MAKARA. astudy on pigraising of small holder in saang district, kandal province (ការសិក្សាអំពីការចិញ្ចឹមជ្រូកជាលក្ខណៈគ្រួសាររបស់ប្រជាកសិករនៅក្នុង ស្រុកស្អាង ខេត្តកណ្តាល) aPhnom PenhbRUAc2009 axiii, 51p.bill.c29cm. uhttps://drive.google.com/file/d/15kncAcQF6PaBF6FibdVNe0X79jh1hWO_/view?usp=sharing